Struktura i funkcje sieci kolejowej w aglomeracjach miejsko-przemysłowych makroregionu południowego
| Titel: | Struktura i funkcje sieci kolejowej w aglomeracjach miejsko-przemysłowych makroregionu południowego |
|---|---|
| Verfasser: | |
| In: |
Przegla̜d geograficzny, Band 62, Heft 3-4 (1990), Seite 289-309 alle Artikel anzeigen |
| Veröffentlicht: | 1990 (1991) |
| Format: | Aufsatz |
| Sprache: | Polnisch |
X
alg: 39465930 001A $01999:12-11-16 001B $01999:01-06-17 $t17:58:43.000 001C $06050:19-11-16 $t08:53:25.000 001D $01999:12-11-16 001U $0utf8 001X $00 002@ $0Aox 003@ $0394659309 007A $0394659309 $aHEB 007T $0Herdww015705 010@ $apol 011@ $a1990 $n1990 (1991) 021A $aStruktura i funkcje sieci kolejowej w aglomeracjach miejsko-przemysłowych makroregionu południowego 027A $aThe @structure and function of the railway system in urban-industrial agglomerations of the southern macroregion 028A $aKoziarski $dStanisław M. 031A $d62 $e3-4 $h289-309 $j1990 039B $aIn $8--Abvc--. Przegla̜d geograficzny. - Warszawa : Państwowe Wydawn. Naukowe, 1918-. - ISSN 0033-2143 $x199000000620003711 $9047308648 045T $a14 046B $aParallelt.: The @structure and function of the railway system in urban-industrial agglomerations of the southern macroregion lok: 39465930 78 exp: 39465930 78 1 #EPN 201B/01 $018-09-18 $t22:51:18.000 201U/01 $0utf8 203@/01 $0790769794 208@/01 $a12-11-16 $be 209A/01 $a/ $f000 $x00 220C/01 $aTitelaufnehmer: GP 220C/01 $aHerkunft: IH UWr 244Z/01 $2Trx $#Silesia $#Śląsk $#Sliezsko $#Slezsko $8--Trx--Schlesien $x01 $9391173987 244Z/01 $#Oberschlesien $#Górny Śla̜sk $#Horní Slezsko $74042978-7 $8--Tg1--Oberschlesien $x02 $9085119679 244Z/01 $aGeschichte 1842-1989 $x03 244Z/01 $2Trx $#raudtee $#geležinkeliai $#railways $#vasút $#komunikacja kolejowa $#železnice $#železnice $#Kleinbahnen $#úzkokoľajná železnica $#úzkokolejná železnice $8--Trx--Eisenbahn $x04 $9391371827 244Z/01 $2Trx $8--Trx--Zeitschriftenaufsatz $x05 $9391384341 247C/01 $82080>Marburg/Lahn, Herder-Institut, Forschungsbibliothek, Bibliographieportal $9336309341
| LEADER | 00000caa a22000002c 4500 | ||
|---|---|---|---|
| 001 | 394659309 | ||
| 003 | DE-603 | ||
| 005 | 20170601175843.0 | ||
| 007 | tu | ||
| 008 | 161112s1990 xx |||| | u00||u|pol c | ||
| 035 | |a (DE-599)HEB394659309 | ||
| 040 | |a DE-603 |b ger |c DE-603 |d DE-603 | ||
| 041 | |a pol | ||
| 084 | |a 14 |2 ssgn | ||
| 100 | 1 | |a Koziarski, Stanisław M. | |
| 245 | 0 | 0 | |a Struktura i funkcje sieci kolejowej w aglomeracjach miejsko-przemysłowych makroregionu południowego |
| 246 | 0 | 1 | |i Parallelt. |a The @structure and function of the railway system in urban-industrial agglomerations of the southern macroregion |
| 246 | 1 | 3 | |a The structure and function of the railway system in urban-industrial agglomerations of the southern macroregion |
| 264 | 0 | |c 1990 (1991) | |
| 773 | 0 | 8 | |i In |t Przegla̜d geograficzny |d Warszawa : Państwowe Wydawn. Naukowe, 1918- |x 0033-2143 |g Band 62, Heft 3-4 (1990), Seite 289-309 |w (DE-603)047308648 |w (DE-600)209415-0 |
| 924 | 0 | |9 2080 |a (DE-603)790769794 |b DE-2080 |c HES |d d |g / | |


